000 00418nam a2200169Ia 4500
005 20250423094520.0
008 250422s9999 xx 000 0 und d
020 _a0- 03- 054663- X
050 _aQB45.P287/
100 _aJay M. Pasachoff
245 0 _aAstronomy: from the earth to the universe
250 _a4th ed.
260 _bSaunders college publishing
260 _c1979
300 _a397 p
942 _cBK
999 _c27466
_d27466